| 000 | 00549nam a22001817a 4500 | ||
|---|---|---|---|
| 005 | 20251108172318.0 | ||
| 008 | 250721s1985 xx 000 0 ara d | ||
| 082 | 1 | 4 | _a338.91/تقر |
| 245 | 1 | 0 | _aتقرير عن التنمية في العالم 1985 / |
| 264 | 1 |
_aواشنطن : _bالبنك الدولي للإنشاء والتعمير، _c1985. |
|
| 300 | _a272ص | ||
| 650 | 1 | 7 | _aالإقتصاد |
| 650 | 1 | 7 | _aالتخطيط |
| 650 | 1 | 7 | _aتقرير |
| 650 | 1 | 7 | _aالتنمية الإقتصادية |
| 942 |
_2ddc _cBK |
||
| 999 |
_c75874 _d75874 |
||